书目信息 |
| 题名: |
内燃机计算燃烧学
|
|
| 作者: | 解茂昭 , 贾明 著 | |
| 分册: | ||
| 出版信息: | 北京 科学出版社 2016.12 |
|
| 页数: | 479页 | |
| 开本: | 25cm | |
| 丛书名: | ||
| 单 册: | ||
| 中图分类: | TK402 | |
| 科图分类: | ||
| 主题词: | 内燃机--nei ran ji--燃烧过程--数值计算 | |
| 电子资源: | ||
| ISBN: | 978-7-03-051082-2 | |
| 000 | 01122nam0 2200253 450 | |
| 001 | 012017001089 | |
| 005 | 20171222102447.84 | |
| 010 | @a978-7-03-051082-2@b精装@dCNY180.00 | |
| 100 | @a20170120d2016 em y0chiy50 ea | |
| 101 | 0 | @achi |
| 102 | @aCN@b110000 | |
| 105 | @aak a 000yy | |
| 200 | 1 | @a内燃机计算燃烧学@Anei ran ji ji suan ran shao xue@f解茂昭, 贾明著@Fxie mao zhao, jia ming zhu |
| 205 | @a3版 | |
| 210 | @a北京@c科学出版社@d2016.12 | |
| 215 | @a479页@c图@d25cm | |
| 320 | @a有书目 | |
| 330 | @a本书系统地介绍了内燃机计算燃烧学这一新兴学科的结构体系及其基本理论、模型和方法。全书分为7章, 除基础知识外, 分别论述了内燃机燃烧过程的4个基本子模型, 即缸内湍流流动模型、燃油喷雾模型、燃烧与排放模型及缸内传热模型, 并专门介绍了当前国际发动机研究热点- HCCI燃烧及低温燃烧的理论与计算模型。全书充分反映了当前国内外内燃机燃烧模拟的成就与全貌, 有助于读者迅速进入该学科的前沿。 | |
| 606 | 0 | @a内燃机@Anei ran ji@x燃烧过程@x数值计算 |
| 690 | @aTK402@v5 | |
| 701 | 0 | @a解茂昭@Ajie mao zhao@4著 |
| 701 | 0 | @a贾明@Ajia ming@4著 |
| 801 | 0 | @aCN@c20170829 |
| 905 | @a河南城建学院图书馆@b21327516@dTK402@eX737=3@f1 | |
| 内燃机计算燃烧学/解茂昭, 贾明著.-3版.-北京:科学出版社,2016.12 |
| 479页:图;25cm |
| ISBN 978-7-03-051082-2(精装):CNY180.00 |
| 本书系统地介绍了内燃机计算燃烧学这一新兴学科的结构体系及其基本理论、模型和方法。全书分为7章, 除基础知识外, 分别论述了内燃机燃烧过程的4个基本子模型, 即缸内湍流流动模型、燃油喷雾模型、燃烧与排放模型及缸内传热模型, 并专门介绍了当前国际发动机研究热点- HCCI燃烧及低温燃烧的理论与计算模型。全书充分反映了当前国内外内燃机燃烧模拟的成就与全貌, 有助于读者迅速进入该学科的前沿。 |
| ● |
| 相关链接 |
|
|
|
正题名:内燃机计算燃烧学
索取号:TK402/X737=3
 
预约/预借
| 序号 | 登录号 | 条形码 | 馆藏地/架位号 | 状态 | 备注 |
| 1 | 1231442 | 212314422 | 能源与建筑环境工程学院资料室/ [索取号:TK402/X737=3] | 在馆 | |
| 2 | 1327516 | 213275169 | 自科库501/501自科库 136排6列4层/ [索取号:TK402/X737] | 在馆 |